When 'Get off my land' carries no weight (Record no. 75424)

MARC details
000 -LEADER
fixed length control field 00821cab a2200181 4500
001 - CONTROL NUMBER
control field L130056
008 - FIXED-LENGTH DATA ELEMENTS--GENERAL INFORMATION
fixed length control field 050620n2005 000 0 eng u
035 ## - SYSTEM CONTROL NUMBER
System control number (Sirsi) u130056
041 ## - LANGUAGE CODE
Language code of text/sound track or separate title eng
100 ## - MAIN ENTRY--PERSONAL NAME
Personal name Cousins, David
245 ## - TITLE STATEMENT
Title When 'Get off my land' carries no weight
260 ## - PUBLICATION, DISTRIBUTION, ETC.
Date of publication, distribution, etc. 2005
490 ## - SERIES STATEMENT
Series statement Farmers' Weekly
Volume/sequential designation 142(23) 10-16 June 2005, 72-74(3)
520 ## - SUMMARY, ETC.
Summary, etc. Provides answers to many of the typical questions asked by farmers and landowners facing the compulsory purchase process including the issue of compulsory rights in respect of pipelines, cables, sewers and water mains. Lists 10 good compulsory purchase ideas and presents three case studies.
590 ## - LOCAL NOTE (RLIN)
Local note IKa210605
690 ## - LOCAL SUBJECT ADDED ENTRY--TOPICAL TERM (OCLC, RLIN)
Topical term or geographic name as entry element ENVIRONMENTAL AND LAND CONSULTANCY-PLANNING AND DEVELOPMENT-COMPULSORY PURCHASE AND COMPENSATION
942 ## - ADDED ENTRY ELEMENTS (KOHA)
Suppress in OPAC 0
Holdings
Withdrawn status Lost status Source of classification or shelving scheme Damaged status Not for loan Home library Current library Shelving location Date acquired Total Checkouts Full call number Barcode Date last seen Copy number Price effective from Koha item type
    Dewey Decimal Classification     London London Journal article 20/06/2005   L130056 130056-1001 06/08/2019 1 06/08/2019 Journal article